The expert in litigation and arbitration. (Record no. 99500)

MARC details
000 -LEADER
fixed length control field 01028cam a2200217 4500
008 - FIXED-LENGTH DATA ELEMENTS--GENERAL INFORMATION
fixed length control field 090401t1999 xxu||||| |||| 00| 0 eng d
020 ## - INTERNATIONAL STANDARD BOOK NUMBER
International Standard Book Number 1859786626
035 ## - SYSTEM CONTROL NUMBER
System control number (Sirsi) u99864
041 ## - LANGUAGE CODE
Language code of text/sound track or separate title eng
100 ## - MAIN ENTRY--PERSONAL NAME
Personal name Cato, D. Mark
245 #4 - TITLE STATEMENT
Title The expert in litigation and arbitration.
260 ## - PUBLICATION, DISTRIBUTION, ETC.
Place of publication, distribution, etc. Colchester
Name of publisher, distributor, etc. LLP
Date of publication, distribution, etc. 1999
300 ## - PHYSICAL DESCRIPTION
Extent 1037p. ; 25p.
350 ## - PRICE (NR) (BK AM CF MU VM SE) [OBSOLETE]
Price 195.00
520 ## - SUMMARY, ETC.
Summary, etc. The job of experts in arbitration or litigation, is to give their independent, objective and unbiased opinions on the matter referred to them and falling within their area of expertise. The expert is not an advocate for a party in a particular dispute. These points and others of equal import to the role of experts are considered in this substantial work, which has chapters on medical, criminal and rent review cases, amongst others.
650 ## - SUBJECT ADDED ENTRY--TOPICAL TERM
Topical term or geographic name entry element MANAGEMENT-DISPUTE AVOIDANCE, MANAGEMENT AND RESOLUTION-DISPUTE MANAGEMENT AND RESOLUTION-ARBITRATION
650 ## - SUBJECT ADDED ENTRY--TOPICAL TERM
Topical term or geographic name entry element LITIGATION
690 ## - LOCAL SUBJECT ADDED ENTRY--TOPICAL TERM (OCLC, RLIN)
Topical term or geographic name as entry element LAW
942 ## - ADDED ENTRY ELEMENTS (KOHA)
Suppress in OPAC 0
948 ## - LOCAL PROCESSING INFORMATION (OCLC); SERIES PART DESIGNATOR (RLIN)
c (OCLC) 22/04/1999
Holdings
Withdrawn status Lost status Source of classification or shelving scheme Damaged status Not for loan Home library Current library Shelving location Date acquired Total Checkouts Full call number Barcode Date last seen Date last checked out Copy number Price effective from Koha item type
    Dewey Decimal Classification     London London Books 18/10/1999 4 347.4109 30059542 06/08/2019 20/12/2001 1 06/08/2019 Reference material